| 000 | 00418nam a22001697a 4500 | ||
|---|---|---|---|
| 005 | 20230601112326.0 | ||
| 008 | 160530b xxu||||| |||| 00| 0 eng d | ||
| 020 | _a0-07-060091-0 | ||
| 041 | _aeng | ||
| 082 | _b5912 | ||
| 100 |
_aCooper, Donald R & Sehimdlers, Pamda S _97854 |
||
| 245 | _aMarketing Research Concept and Cases | ||
| 260 |
_bTMH _c2006 |
||
| 300 | _a741 | ||
| 650 |
_aManagement _97855 |
||
| 942 | _cBK | ||
| 999 |
_c2092 _d2091 |
||